000 01373nam a22003017a 4500
003 OSt
005 20260413194450.0
008 260407b |||||||| |||| 00| 0 eng d
040 _aCvSU-CCAT Campus Library.
_bEnglish.
_cCvSU-CCAT Campus Library.
_erda.
050 _aUM HF 5415.1225
_bC45 2023
100 _aCelorico, Merry M., author.
_920293
245 _aUnderstanding brand strategies of micro and small enterprises toward green products in selected towns of Cavite /
_cMerry M. Celorico, Marites O. Miguel, Ma. Mika S. Saraza.
260 _aRosario, Cavite :
_bCavite State University-CCAT Campus,
_c2023.
300 _aii, 76 leaves :
_billustrations ;
_c28 cm
500 _aUndergraduate Thesis (BSBA) -- Cavite State University-CCAT Campus, 2023.
504 _aIncludes bibliographical references.
546 _aIn English text.
650 _aBrand management
_920294
650 _aMarketing of small enterprises
_920295
650 _aGreen products -- Marketing
_920296
650 _aCavite (Philippines) -- Commerce
_918868
700 _aMiguel, Marites O., author.
_920297
700 _aSaraza, Ma. Mika S., author.
_920298
700 _aAbug, Nerisa B., adviser.
_96938
700 _aMendoza, Xavier Lawrence D., technical critic.
_99284
942 _2lcc
_cT/M/D
_hHF 5415.1225 C45 2023
_kUM
999 _c5138
_d5138